{"text_format":"3","workbook":"xlsx","n_sheets":4,"sheets":["DPR","Summary","Abstract","Detail Measurement"],"read":"whole","date_system":"1900"}

{"sheet":"DPR","index":0,"n_rows":17,"n_cols":1,"rows_kept":17,"merged":[[0,0,1,5],[4,0,4,5],[7,0,8,5],[9,0,9,5],[10,0,10,5],[16,0,16,5]]}
["Detail Project Report"]
[]
[]
[]
["Session 2025-26"]
[]
[]
["Renovation Work"]
[]
["Subcenter- ATMALPUR BONGLA"]
["Block- Bahadarabad"]
[]
[]
[]
[]
[]
["                         Estimate Cost: (Include GST)"]

{"sheet":"Summary","index":1,"n_rows":18,"n_cols":7,"rows_kept":18,"merged":[[1,1,1,6],[2,2,2,5],[3,2,3,5],[4,2,4,5],[5,2,5,5],[6,2,6,5],[7,2,7,5],[8,2,8,5],[9,2,9,5],[10,2,10,5],[11,2,11,5],[12,1,12,5],[13,1,13,5],[14,1,14,5],[15,1,15,5],[16,1,16,5],[17,1,17,5]]}
[]
[null,"Work Details"]
[null,"Sl.No.","Description",{"$nulls":3},"Amount "]
[null,1.1,"P.C.C. WORK"]
[null,1.2,"Tile Work"]
[null,1.3,"PAINT WORK"]
[null,1.4,"Door and Window Repairing"]
[null,1.5,"MS Display board with 2mm thick sheet used "]
[null,1.6,"WATER SUPPLY"]
[null,1.7,"Roof repairing work"]
[null,1.8,"TLM Painting Work"]
[null,1.9,"Electrification and other Maintenance Work"]
[null,"TOTAL ABSTRACT COST"]
[null,"ITC (85%)"]
[null,"GST 18%"]
[null,"ITC CONTRIBUTION WITH 18% GST"]
[null,"LOCAL CONTRIBUTION (15% OF ABSTRACT COST)"]
[null,"Grand Total"]

{"sheet":"Abstract","index":2,"n_rows":35,"n_cols":11,"rows_kept":35,"merged":[[1,0,1,6],[2,0,2,6],[9,1,9,5],[15,1,15,5],[20,1,20,5],[27,1,27,5],[31,1,31,5]]}
[]
["WORK DETAIL-SUB CENTRE ATMALPUR BONGLA "]
["ABSTRACT  OF COST"]
["Sr No ","Item description ","DSR/S0R","Unit","Quantity ","Rate ","AMOUNT"]
[null,"P.C.C Work"]
[1,"Providing and laying in position cement concrete of\nspecified grade excluding the cost of centering\n(1 Cement : 4 coarse sand : 8 graded stone\naggregate 40 mm nominal size).","sOR MORD 11-4-1-2 2019","CUM",{"$f":"'Detail Measurement'!H5","v":4}]
[null,"TILE WORK"]
[2,"Providing and fixing Ist quality ceramic glazed wall tiles conforming to IS: 15622 (thickness to be specified by the manufacturer), of approved make, in all colours, shades except burgundy, bottle green, black of any size as approved by Engineer-in-Charge, in skirting, risers of steps and dados, over 12 mm thick bed of cement mortar 1:3 (1 cement : 3 coarse sand) and jointing with grey cement slurry @ 3.3kg per sqm, including pointing in white cement mixed with pigment of matching shade complete.","DSR VOL 1  8.13","SQM",{"$f":"'Detail Measurement'!H13","v":51.6}]
[3," shaped interlocking paver block with bass cover 50 MM thick.","DSR VOL2  13.6","SQM",{"$f":"'Detail Measurement'!H18","v":121.2}]
[null,"total"]
[null,"PAINT WORK"]
[4,"Distempering with 1st quality acrylic distemper (ready mixed) having VOC content less than 50 gram/litre, of approved manufacturer and of required shade and colour all complete to achieve even shade and colour :New work (two or more coats) over and including water thinnable priming coat with cement primer having VOC content less than 50 gram/litre DSR 13.41","DRS VOL 2 13.8","SQM",{"$f":"'Detail Measurement'!H32","v":582.4499999999999}]
[5,"Providing and applying white cement based putty of average thickness 1 mm, of approved brand and manufacturer, over the plastered wall surface to prepare the surface even and smooth complete.  ","DRS VOL 2 13.8","SQM",{"$f":"'Detail Measurement'!H34","v":582.45}]
[6," 12mm cement plaster finished with floating coat of weat cement of mix. 1:3 taking  10 %of total area of wall","SOR MORD 12-3","SQM",{"$f":"'Detail Measurement'!H36","v":116.49000000000001}]
[7,"Painting with synthetic enamel paint of approved brand and manufacture of required colour to give an even shade : Two or more coats on new work over an under coat of suitable shade with ordinary paint of approved brand and manufacture","DSR VOL 2  13.62.1","SQM",{"$f":"'Detail Measurement'!H42","v":56.58}]
[null,"TOTAL"]
[null,"DOOR AND WINDOW REPAIRING WORK"]
[8,"Providing and fixing fly proof galvanisedM.Swire gauze to windows and clerestory windows using galvanisedM.S. wire gauge with average width of aperture1.4mm inbothdirectionswithwireof dia. 0.63 mm. With 12 mm mild steel U beading.","DSR VOL1 9.5.1.2","SQM",{"$f":"'Detail Measurement'!H47","v":8.28}]
[9,"Providing & fixing glass panes with putty and glazing clips in steel doors, windows, clerestory windows alll complete.With 4.0 mm thick glass panes. DRS 10.3","DSR 10.3.1","SQM",{"$f":"'Detail Measurement'!H48","v":10.08}]
[10,"Providing and fixing 2 mm thick M.S. sheet sliding-shutters, with frame and diagonal braces of 40x40x6 mm angle iron, 3 mm M.S. gusset plates at the junctions and corners, 25 mm dia pulley, 40x40x6 mm angle and T iron guide at the top and bottom respectively, including applying a priming coat of approved steel primer","DSR10.4","SQM",{"$f":"'Detail Measurement'!H50","v":4.2}]
[null,"TOTAL"]
[11,"MS Display board with 2mm thick sheet used ","LS","SQM",{"$f":"'Detail Measurement'!H53","v":4.8}]
[null,"WATER SUPPLY"]
[12,"Water tank PVC, 1.k.Liters with laying and jointing, 5 Layer protection",null,"NOS",{"$f":"'Detail Measurement'!H55","v":1}]
[13,"15mm dia G.I medium pipe with laying and jointing including supply of all jointing materials like white lead, hamp,oil etc. IS:1239 Part 1st","DSR 18.101","RAM",{"$f":"'Detail Measurement'!H56","v":15}]
[14,"Supply and fixing brass water tap including all work","DSR 18.49.1","NOS",{"$f":"'Detail Measurement'!H57","v":4}]
[15,"Providingand fixingwashbasinwithC.I. brackets,15mmC.P.brasspillar taps,32 mmC.P.brasswasteofstandardpattern, includingpaintingof fittingsandbrackets, cutting and making good the walls wherever require:White Vitreous China Washbasinsize630x450mmwithapair of 15 mm C.P . brass pillar taps","DSR VOL2  17.7.1","NOS",{"$f":"'Detail Measurement'!H58","v":1}]
[null,"TOTAL"]
[null,"ROOF REPAIRING WORK"]
[16,"Provinding and laying water proofing treatment on roofs of slab by applying cement compound consisting  of applying (a) after surface preparation , first layer of slurry of cement @ 0.488 kg/sqm mixed with water proofing cement  compound @0.253 kg/sqm (b)laying second layer of fiber glass cloth when the first layer is still green. overlaps of  joint of fiber cloth should not be less then 10cm (c) third layer of 1.5 mm thickness  consisting  of slurry of cement @1.289 kg/sqm  mixed with  water proofing cement compound @0.67 kg/sqm and coarse sand @ 1.289 kg/sqm. this will be allowed to air cure for 4 hour followed by water curing for 48 hour. the entire treatment will be taken upto 30cm on parapet wall and  tucked into groove in parapet all around ( d) fourth and final layer of birck tiling with cement mortar. DRS 67.64","DSR67.64","SQM",82.5]
[17,"12mm cement  finished with floating coat of weat cement of mix. 1:4","SOR MORD 12-3","SQM",{"$f":"'Detail Measurement'!H63","v":82.5}]
[null,"TOTAL"]
[18,"electrification  and other maintenance  works ","LS                  ","NOS",{"$f":"'Detail Measurement'!H64","v":1},{"$nulls":5},"S"]
[19,"WALL painting TLM","LS","SQM",{"$f":"'Detail Measurement'!H69","v":51.5}]
[null,"Total"]

{"sheet":"Detail Measurement","index":3,"n_rows":69,"n_cols":9,"rows_kept":69,"merged":[[1,2,1,8],[13,1,17,1],[13,2,17,2],[18,1,31,1],[18,2,31,2],[18,8,31,8],[41,4,41,5],[60,1,61,1],[60,2,61,2],[60,3,61,3],[60,4,61,4],[60,5,61,5],[60,6,61,6],[60,7,61,7],[60,8,61,8],[64,1,68,1],[64,2,68,2],[64,8,68,8]]}
[]
[null," ","DETAILS OF MEASURMENT"]
[null,"S.NO","ITEMS","NO","L","B","H/D","QTY","UNIT"]
[null,null,"CONCRETE WORK"]
[null,1,"Providing and laying in position cement concrete of\nspecified grade excluding the cost of centering\nand shuttering - All work up to plinth level 1:4:8\n(1 Cement : 4 coarse sand : 8 graded stone\naggregate 40 mm nominal size).",1,20,1,0.2,{"$f":"E5*F5*G5","v":4},"CUM"]
[null,null,"TILE WORK"]
[null,2,"Providing and fixing Ist quality ceramic glazed wall tiles conforming to IS: 15622 (thickness to be specified by the manufacturer), of approved make, in all colours, shades except burgundy, bottle green, black of any size as approved by Engineer-in-Charge, in skirting, risers of steps and dados, over 12 mm thick bed of cement mortar 1:3 (1 cement : 3 coarse sand) and jointing with grey cement slurry @ 3.3kg per sqm, including pointing in white cement mixed with pigment of matching shade complete.",2,2.8,null,1.5,{"$f":"D7*E7*G7","v":8.399999999999999}]
[{"$nulls":3},2,3.1,null,1.5,{"$f":"D8*E8*G8","v":9.3}]
[{"$nulls":3},2,3.2,null,1.5,9.600000000000001]
[{"$nulls":3},2,2.8,null,1.5,8.399999999999999]
[{"$nulls":3},2,2.8,null,1.5,8.399999999999999]
[{"$nulls":3},2,2.5,null,1.5,7.5]
[{"$nulls":7},{"$f":"SUM(H7:H12)","v":51.6},"SQM"]
[null,3,"I shaped interlocking paver block with bass cover",1,18,1.3,null,{"$f":"E14*F14","v":23.400000000000002}]
[{"$nulls":3},2,6,1.5,null,{"$f":"D15*E15*F15","v":18}]
[{"$nulls":3},1,13,4.6,null,{"$f":"D16*E16*F16","v":59.8}]
[{"$nulls":3},1,4,5,null,{"$f":"E17*F17","v":20}]
[{"$nulls":7},{"$f":"SUM(H14:H17)","v":121.2},"SQM"]
[null,4,"Distempering with 1st quality acrylic distemper (ready mixed) having VOC content less than 50 gram/litre, of approved manufacturer and of required shade and colour all complete to achieve even shade and colour :New work (two or more coats) over and including water thinnable priming coat with cement primer having VOC content less than 50 gram/litre DSR 13.41",4,13,null,3.3,{"$f":"D19*E19*G19","v":171.6},"SQM"]
[{"$nulls":3},4,6.6,null,3.3,{"$f":"D20*E20*G20","v":87.11999999999999}]
[{"$nulls":3},6,2.8,null,3.3,{"$f":"D21*E21*G21","v":55.43999999999999}]
[{"$nulls":3},2,6.3,null,3.3,41.58]
[{"$nulls":3},4,2.3,null,3.3,30.359999999999996]
[{"$nulls":3},2,3.1,null,3.3,{"$f":"D24*E24*G24","v":20.46}]
[{"$nulls":3},1,1.9,null,3.3,{"$f":"D25*E25*G25","v":6.27}]
[{"$nulls":3},1,3,null,3.3,9.899999999999999]
[{"$nulls":3},4,2.2,null,3.3,29.04]
[{"$nulls":3},2,1.1,null,3.3,7.26]
[{"$nulls":3},2,4.1,null,3.3,27.059999999999995]
[{"$nulls":3},2,1.6,null,3.3,10.56]
[{"$nulls":3},1,13,null,6.6,85.8]
[{"$nulls":7},{"$f":"SUM(H19:H31)","v":582.4499999999999}]
[]
[null,5,"Providing and applying white cement based putty of average thickness 1 mm, of approved brand and manufacturer, over the plastered wall surface to prepare the surface even and smooth complete. ",{"$nulls":4},582.45,"SQM"]
[]
[null,6,"Wall Plastering 20 % total area, 12 mm plaster mix 1:4",{"$nulls":4},{"$f":"H34*20%","v":116.49000000000001},"SQM"]
[null,7,"Painting with synthetic enamel paint of approved brand and manufacture of required colour to give an even shade : Two or more coats on new work over an under coat of suitable shade with ordinary paint of approved brand and manufacture",4,0.75,null,2.1,{"$f":"D37*E37*G37","v":6.300000000000001}]
[{"$nulls":3},6,0.95,null,2.1,{"$f":"D38*E38*G38","v":11.969999999999999}]
[{"$nulls":3},1,1.2,null,2.1,2.52]
[{"$nulls":3},5,0.75,null,2,{"$f":"D40*E40*G40","v":7.5}]
[{"$nulls":7},{"$f":"SUM(H37:H40)","v":28.29}]
[{"$nulls":3},2,28.29,null,null,{"$f":"D42*E42","v":56.58},"SQM"]
[]
[null,null,"DOOR AND WINDOW REPAIRING WORK"]
[null,8,"window for reparing",5,1.2,null,1.2,{"$f":"D45*E45*G45","v":7.199999999999999}]
[{"$nulls":3},3,0.6,null,0.6,{"$f":"D46*E46*G46","v":1.0799999999999998}]
[{"$nulls":7},{"$f":"SUM(H45:H46)","v":8.28},"SQM"]
[null,9,"Providing & fixing glass panes with putty and glazing clips in steel doors, windows, clerestory windows alll complete.With 4.0 mm thick glass panes. DRS 10.3",4,2.1,null,1.2,{"$f":"D48*E48*G48","v":10.08}]
[]
[null,10,"Providing and fixing 2 mm thick M.S. sheet sliding-shutters, with frame and diagonal braces of 40x40x6 mm angle iron, 3 mm M.S. gusset plates at the junctions and corners, 25 mm dia pulley, 40x40x6 mm angle and T iron guide at the top and bottom respectively, including applying a priming coat of approved steel primer",1,2,null,2.1,{"$f":"D50*E50*G50","v":4.2},"SQM"]
[]
[null,null,"WAITING AREA CONSTRUCTION"]
[null,11,"M.S  display board with 2 mm thick. ",1,8,0.6,null,{"$f":"E53*F53","v":4.8},"SQM"]
[null,null,"WATER SUPPLY WORK"]
[null,12,"Water tank PVC, 1 KL Liters with laying and jointing, 5 Layer protection",1,{"$nulls":3},1,"nos"]
[null,13,"15mm dia G.I medium pipe with laying and jointing including supply of all jointing materials like white lead, hamp,oil etc. IS:1239 Part 1st",1,20,null,null,15,"RAM"]
[null,14,"Supply and fixing brass water tap including all work",4,{"$nulls":3},4,"NOS"]
[null,15,"Providingand fixingwashbasinwithC.I. brackets,15mmC.P.brasspillar taps,32 mmC.P.brasswasteofstandardpattern, includingpaintingof fittingsandbrackets, cutting and making good the walls wherever require:White Vitreous China Washbasinsize630x450mmwithapair of 15 mm C.P . brass pillar taps",1,{"$nulls":3},1,"NOS"]
[]
[null,null,"ROOF REPAIRING WORK"]
[null,16,"Provinding and laying water proofing treatment on roofs of slab by applying cement compound consisting  of applying (a) after surface preparation , first layer of slurry of cement @ 0.488 kg/sqm mixed with water proofing cement  compound @0.253 kg/sqm (b)laying second layer of fiber glass cloth when the first layer is still green. overlaps of  joint of fiber cloth should not be less then 10cm (c) third layer of 1.5 mm thickness  consisting  of slurry of cement @1.289 kg/sqm  mixed with  water proofing cement compound @0.67 kg/sqm and coarse sand @ 1.289 kg/sqm. this will be allowed to air cure for 4 hour followed by water curing for 48 hour. the entire treatment will be taken upto 30cm on parapet wall and  tucked into groove in parapet all around ( d) fourth and final layer of birck tiling with cement mortar. DRS 67.64",1,12.5,6.6,null,{"$f":"D61*E61*F61","v":82.5},"SQM"]
[]
[null,17,"12mm  finished with floating coat of weat cement of mix. 1:3",1,12.5,6.6,null,{"$f":"E63*F63","v":82.5},"SQM"]
[null,18,"Electrification work and other maintenace works",1,{"$nulls":3},1,"NOS"]
[null,19,"WALL PAINTING TLM",1,6.8,3.5,null,{"$f":"D65*E65*F65","v":23.8},"SQM"]
[{"$nulls":3},1,5,1.5,null,{"$f":"E66*F66","v":7.5}]
[{"$nulls":3},6,1,1.5,null,{"$f":"D67*E67*F67","v":9}]
[{"$nulls":3},1,3.2,3.5,null,11.200000000000001]
[{"$nulls":7},{"$f":"SUM(H65:H68)","v":51.5}]